LEADER 01392nam a2200301 a 4500 001 000000125584 003 CaOOAMICUS 005 20110608094300.0 008 110608s2011 it d u000 u ita r 020 $a978-88-13-30852-0 040 $aPUL$bita 082 04$a339.5 100 1 $aDi Pace, Massimiliano.$0(OLS)http://pul/name/79535 245 12$aL'economia e la politica economica :$bla macroeconomia ed i contenuti della politica economica italiana e dell'UE /$cMassimiliano Di Pace ; prefazione di Giovanni Somogyi. 250 $a2. ed. 260 $aPadova :$bCEDAM,$c2011. 300 $aXXVIII, 445 p. :$bgrafici ;$c24 cm 504 $aBibliografia in nota. 610 14$aUnione europea$xPolitica economica.$0(OLS)http://pul/subject/28013 650 4$aPolitica economica$zItalia.$0(OLS)http://pul/subject/18890 850 $aPUL 852 $aPUL$W1$xDP2 Diritto e Scienze Sociali 3$y110$m339. 5 DIPMA 1$j144661$qDDC 21$B143678$CPULBib$Z2$F143678 $H117334 $82 941 1 $a9 996 $6020$a978-88-13-30852-0$9(OLS)http://pul/number/147399 996 $6082$a339.5$9(OLS)http://pul/classification/1791 996 $6245$aL'economia e la politica economica :$bla macroeconomia ed i contenuti della politica economica italiana e dell'UE$9(OLS)http://pul/title/158359 996 $6260$aPadova :$bCEDAM$9(OLS)http://pul/publisher/48126 LEADER 01405nam a2200289 a 4500 001 000000146397 003 CaOOAMICUS 005 20151009152610.0 008 151009s1947 enk u000 u eng u 040 $aPUL$bita 041 1 $aeng$hita 100 0 $aFranciscus Assisiensis,$cs.,$d1182-1226.$0(OLS)http://pul/name/424 240 10$aFioretti.$lInglese.$0(OLS)http://pul/title/185045 245 14$aThe little flowers of st. Francis :$bThe mirror of perfection ; The life oof st. Francis$c[edited by the Rev. Father M. C. D'Arcy]. 260 $aLondon :$bJ. M. Dent ;$aNew York :$bE. P. Dutton,$c1947. 300 $aXXII, 397 p. ;$c18 cm. 490 1 $aEveryman's library.$aTheology & philosophy ;$v485 600 04$aFranciscus Assisiensis,$cs.,$d1182-1226$tFioretti.$0(OLS)http://pul/subject/10766 830 0$aEveryman's library.$pTheology & philosophy ;$v485.$0(OLS)http://pul/title/117278 850 $aPUL 852 $aPUL$W1$xDP1 Religione 1$y20$m642 D 26$j169292$qStampati$B170076$CPULBib$Z2$F170076 $81 900 $aFrancesco d'Assisi,$cs.,$d1182-1226$9424 941 1 $a8 996 $6245$aThe little flowers of st. Francis :$bThe mirror of perfection ; The life oof st. Francis$9(OLS)http://pul/title/185044 996 $6260$aLondon :$bJ. M. Dent$9(OLS)http://pul/publisher/71051 996 $6260$aNew York :$bE. P. Dutton$9(OLS)http://pul/publisher/60644